Geography Quiz

Random Geography or State Quiz

Distance to D.C. Quiz Stats

 Plays Quiz not verified by Sporcle

Score 0/50 Timer 06:00
0 Plays Today
State Capital % Correct
Annapolis, MD
96.2%
Richmond, VA
88.9%
Dover, DE
88.7%
Harrisburg, PA
82.6%
Trenton, NJ
78.3%
Raleigh, NC
73.8%
Charleston, WV
72%
Albany, NY
69.7%
Hartford, CT
65.4%
Providence, RI
63.7%
Columbus, OH
62.8%
Boston, MA
62.7%
Columbia, SC
56.9%
Honolulu, HI
56.7%
Juneau, AK
55.4%
Concord, NH
54.4%
Montpelier, VT
50.3%
Sacramento, CA
49.9%
Frankfort, KY
49.6%
Olympia, WA
48.8%
Salem, OR
48.2%
Indianapolis, IN
47.4%
Atlanta, GA
45.3%
Augusta, ME
44.6%
Carson City, NV
44.4%
State Capital % Correct
Boise, ID
44%
Phoenix, AZ
43.4%
Lansing, MI
43.2%
Nashville, TN
41.3%
Helena, MT
41.2%
Denver, CO
40.2%
Salt Lake City, UT
39.4%
Springfield, IL
38.6%
Santa Fe, NM
38.5%
Cheyenne, WY
36.8%
Austin, TX
36.7%
Montgomery, AL
36%
Madison, WI
35.7%
Tallahassee, FL
35.5%
Bismarck, ND
34.6%
Pierre, SD
34.4%
Oklahoma City, OK
33.9%
St. Paul, MN
33.4%
Des Moines, IA
33.3%
Lincoln, NE
33.2%
Jackson, MS
33%
Jefferson City, MO
32.9%
Little Rock, AR
32.7%
Topeka, KS
31.8%
Baton Rouge, LA
31.6%

You're not logged in!

Compare scores with friends on all Sporcle quizzes.
OR
Log In

Show Comments

Extras

Top Quizzes Today


Score Distribution

Your Account Isn't Verified!

In order to create a playlist on Sporcle, you need to verify the email address you used during registration. Go to your Sporcle Settings to finish the process.

Report this User

Report this user for behavior that violates our Community Guidelines.

Details: